Países Unidos #3 - Estadísticas

Estadísticas generales
  • Esta prueba ha sido intentada 6.169 veces
  • La puntuación promedio es 14 de 20
Respuestas en el mapa
Las respuestas están codificadas por una escala verde-roja en el mapa de la prueba según el % correcto abajo.
 
Estadísticas de respuestas
Country % Correcto
Brasil
89%
Noruega
87%
Suecia
86%
Uruguay
86%
India
84%
Sudán
81%
Pakistán
79%
Sudán del Sur
77%
Perú
72%
Irak
71%
Ecuador
70%
Siria
70%
Serbia
63%
Montenegro
61%
Mozambique
61%
Argelia
60%
Francia
60%
Surinam
60%
Túnez
60%
Zimbabue
57%
No se encontraron pruebas coincidentes
Distribución de puntuación
Porcentaje de gente con cada puntuación
Porcentaje por número respondido
Historial de tus puntuaciones
No has intentado esta prueba.